000 00780nam a2200265Ia 4500
003 OSt
005 20220925182422.0
006 a|||||r|||| 00| 0
007 ta
008 220923b |||||||| |||| 00| 0 eng d
020 _a0813326389
037 _cGeneral Book
040 _aRTL
_cRTL
_beng
041 _2eng
_aeng
082 _aY73b4, N6
100 _aLareau Annette
_9256310
245 0 _aJourneys through Ethnography
_b Realistic accounts of field work
260 _aColorado
_bWestview Press
_c1996
300 _axi,260p
_ccm.
500 _aBibliography: P 241-49
650 _aEthnology
_935130
700 _a Shultz Jeffrey Ed.
_9256311
942 _hY73b4, N6
_cGB
_2CC
999 _c502186
_d502186